Can You Spell These Tough Capitals Correctly? - Statistics

General Stats
  • This quiz has been taken 29 times
  • The average score is 8 of 12
Answer Stats
Hint Answer % Correct
Iceland Reykjavík
100%
Slovenia Ljubljana
88%
Slovakia Bratislava
84%
Lithuania Vilnius
84%
North Macedonia Skopje
80%
Madagascar Antananarivo
76%
Papua New Guinea Port Moresby
72%
Chad N'Djamena
60%
Myanmar Naypyidaw
52%
Ivory Coast Yamoussoukro
48%
Burundi Gitega
44%
Sri Lanka Sri Jayawardenepura Kotte
24%
No matching quizzes found
Score Distribution
Percent of People with Each Score
Percentile by Number Answered
Your Score History
You have not taken this quiz